Welcome to the Holygrace Academy Library

Please use search bar below to get started

NANCY DREW - CLOSE ENCOUNTERS (Record no. 7850)

MARC details
000 -LEADER
fixed length control field 00550nam a22001457a 4500
020 ## - INTERNATIONAL STANDARD BOOK NUMBER
ISBN 978-1-4169-1245-3
082 ## - DEWEY DECIMAL CLASSIFICATION NUMBER
Classification number 823
Item number KEE/N
100 ## - MAIN ENTRY--AUTHOR NAME
Personal name KEENE, CAROLYN
245 ## - TITLE STATEMENT
Title NANCY DREW - CLOSE ENCOUNTERS
260 ## - PUBLICATION, DISTRIBUTION, ETC. (IMPRINT)
Place of publication NEW YORK
Name of publisher ALADDIN PUBLICATIONS
Year of publication 2006
300 ## - PHYSICAL DESCRIPTION
Number of Pages 169
520 ## - SUMMARY, ETC.
Summary, etc Hundreds of tourists have invaded the town to watch purported UFO sightings. Odder still are reports of townspeople being abducted, and the strange clues that seem to point to little green men as the culprits.
650 ## - SUBJECT ADDED ENTRY--TOPICAL TERM
Topical Term DETECTIVE
Geographic subdivision UNITED STATES
942 ## - ADDED ENTRY ELEMENTS (KOHA)
Koha item type Books
Holdings
Withdrawn status Lost status Collection code Home library Current library Shelving location Date acquired Source of acquisition Cost, normal purchase price Full call number Accession Number Koha item type
    Fiction Main Library Main Library NEW SHELF WITH NEW ENTRY 20/11/2023 purchase 250.00 823 KEE/N 13460 Books